Countries, US States, Capitals, Elements, 100 Most Common Words: A + B + xyz = C #6 - Statistics

General Stats
  • This quiz has been taken 47 times
  • The average score is 36 of 48
Answer Stats
ANSWER % Correct
{}t{e}n{}n{eSSee}
100%
{}a{}f{Gha}n{Istan}
97%
{See} 6
97%
{See} 7
97%
{}t{ur}k{Me}n{isTan}
94%
{}n{ay}p{y}i{DaW}
91%
{Day} 7
88%
{Day} 7
88%
{po}r{T-}a{}u{-prinCe}
88%
{Way} 9
88%
{Ghana} 3
85%
{But} 1
82%
{Its} 7
82%
{Its} 9
82%
{Our} 3
82%
{Our} 7
82%
{She} 8
82%
{Time} 6
82%
{Mali} 10
79%
{New} 6
79%
{Tin} 10
79%
{Tin} 4
79%
{Tin} 4
79%
{Bu}c{h}a{}r{eSt}
76%
{law}r{eN}c{i}u{M}
76%
{}p{}r{as}e{ODymium}
76%
{}p{rO}m{eT}h{ium}
76%
{T}a{ll}a{hA}s{see}
74%
{Lome} 7
71%
{Not} 13
71%
{Osmium} 6
71%
{These} 1
71%
{All} 7
68%
{Copper} 13
68%
{}p{}o{rt} l{OuIs}
68%
{Sofia} 9
68%
{Boise} 1
65%
{Iron} 7
65%
{Lead} 9
65%
{monT}p{}e{Lie}r{}
65%
{}p{o}r{t-of-S}p{aiN}
65%
{r}h{o}d{e} {I}s{Land}
65%
{Use} 2
65%
{Dominica} 1
59%
{Domini}c{an} {re}p{uB}l{ic}
59%
{Maseru} 5
59%
{BUe}n{os} a{i}r{es}
47%
{Brunei} 15
38%
No matching quizzes found
Score Distribution
Percent of People with Each Score
Percentile by Number Answered
Your Score History
You have not taken this quiz